Κατάλογος Βιβλιοθηκών Mediterranean College

Εισαγωγή στις Ευρωπαϊκές Σπουδές / Ιστορία, Θεσμοί και Δίκαιο. (Record no. 3454)

MARC details
000 -LEADER
fixed length control field 02056cam a22002054a 4500
005 - ΗΜΕΡΟΜΗΝΙΑ ΚΑΙ ΩΡΑ ΤΕΛΕΥΤΑΙΑΣ ΕΝΗΜΕΡΩΣΗΣ
Πεδίο ελέγχου 20250605164115.0
008 - FIXED-LENGTH DATA ELEMENTS--GENERAL INFORMATION
Πεδίο ελέγχου σταθερού μήκους 250528s ||||||||||||||||||||||||d
035 ## - SYSTEM CONTROL NUMBER
System control number 18062
020 ## - ISBN
ISBN 9600802335
040 ## - ΠΗΓΗ ΚΑΤΑΛΟΓΟΓΡΑΦΗΣΗΣ
Φορέας πρωτότυπης καταλογογράφησης MC Athens Campus Library
Γλώσσα καταλογογράφησης Ελληνικά, Μοντέρνα (1453-)
Modifying agency MC Athens Campus Library
Κανόνες περιγραφικής καταλογογράφησης AACR2
245 1# - ΤΙΤΛΟΣ ΚΑΙ ΔΗΛΩΣΗ ΥΠΕΥΘΥΝΟΤΗΤΑΣ
Τίτλος Εισαγωγή στις Ευρωπαϊκές Σπουδές / Ιστορία, Θεσμοί και Δίκαιο.
Number of part/section of a work Τόμος Α'
260 ## - PUBLICATION, DISTRIBUTION, ETC.
Name of publisher, distributor, etc. Ι. Σιδέρης,
Date of publication, distribution, etc. 2001
300 ## - PHYSICAL DESCRIPTION
Extent 616
520 ## - SUMMARY, ETC.
Summary, etc. Πρόλογος, Προλεγόμενα, Θεωρία της Ευρωπαϊκής Ολοκλήρωσης, Η Ευρωπαϊκή Ένωση στην Αρχή του 21ου Αιώνα: Μια Πανοραμική Εικόνα, Η Ιστορική Διαδρομή της Ευρωπαϊκής Ενοποίησης, Θεωρία Περιφερειακής Ολοκλήρωσης, Δομή και Λειτουργία της ΕΚ/ ΕΕ, Στόχοι και Μέθοδοι της Ευρωπαϊκής Ολοκλήρωσης, Κατανομή Αρμοδιοτήτων, Θεσμική Συγκρότηση: Όργανα Λήψης Αποφάσεων, Οι Κοινοτικές Διαδικασίες Λήψης Αποφάσεων, Κοινωνικές και Πολιτικές Δυνάμεις στην Ευρωπαϊκή Ένωση, Έννομη Τάξη της ΕΚ/ ΕΕ, Θεμελιώδη Χαρακτηριστικά του Κοινοτικού Δικαίου, Το Δικαιοδοτικό Σύστημα, Ο Χώρος Ελευθερίας και Ασφάλειας και Δικαιοσύνης στην ΕΕ, Εξωτερικές Σχέσεις της ΕΚ/ ΕΕ, Η Κοινή Εμπορική Πολιτική της ΕΚ (ΕΕ), Η Αναπτυξιακή Πολιτική της ΕΕ, Ευρετήριο Εννοιών και Προσώπων και Νομολογίας, Περιεχόμενα.
700 1# - ΠΡΟΣΘΕΤΗ ΑΝΑΓΡΑΦΗ--ΦΥΣΙΚΟ ΠΡΟΣΩΠΟ
Personal name Στεφάνου Κωνσταντίνος Α
9 (RLIN) 1803
700 1# - ΠΡΟΣΘΕΤΗ ΑΝΑΓΡΑΦΗ--ΦΥΣΙΚΟ ΠΡΟΣΩΠΟ
Personal name Φατούρος Αργύρης
9 (RLIN) 4351
942 ## - ADDED ENTRY ELEMENTS (KOHA)
Koha item type Books
Holdings
Τύπος τεκμηρίου Βιβλιοθήκη Τρέχουσα τοποθεσία Barcode Αριθμός εισαγωγής Ημερομηνία απόκτησης Ταξιθετικό σύμβολο Αριθμός αντιτύπου Κατάσταση απόσυρσης Κατάσταση χαμένου Κατάσταση κατεστραμμένου Μη δανεισμός Σύνολο δανεισμών Ημερομηνία τελευταίας εμφάνισης Η τιμή ισχύει από
Books MC Athens Campus Library MC Athens Campus Library 9780000034533 2248 05/06/2025 REF 341.2422 STE V.A 1           05/06/2025 05/06/2025

MC Athens Campus Library
Πατησίων 94 & Κοδριγκτώνος 13, 104 34
Πελλήνης 8 & Πατησίων 107, 112 51
Τ: +30 210 8899600

MC Thessaloniki Campus Library
Ίωνος Δραγούμη 21, 54625 | Ίωνος Δραγούμη 15, 54625
Τ: +30 2310 287779 – Τ: +30 2314 440300